000 01540nam a2200241 a 4500
008 120416s2002 ||||||||||||||||| || u
050 _aACU(05)B/2002/150
110 _aAssociation of Commonwealth Universities
245 1 4 _aThe Association of Commonwealth Universities bulletin
_cThe Association of Commonwealth Universities
246 _aA.C.U. bulletin of current documentation
260 _aLondon:
_bACU
_c2002
300 _a34p.: ill.
350 _a0.00
362 1 _aNo.150, Commodification and diversity-can we manage both? :No. 151, Universities and the media: are we getting through? No.152, which way forward for Universities? Autonomy: find your own funding, accountability: government funding.
650 _aMANAGEMENT INFORMATION SYSTEMS
650 _aCOMMONWEALTH UNIVERSITIES--PERIODICALS
780 _aA.C.U. bulletin of current documentation
785 _aACU Bulletin
995 _aSPECIAL COLLECTIONS
_e4631
_FCBU-MAIN LIBRARY (Kitwe)
_I0.00
_jACU(05)B/2002/150B
_M2
_UAVAILABLE
_WMar 31, 2022
_yB4631
_ZInternational Publications
995 _aSPECIAL COLLECTIONS
_D0.00
_e03004607
_FCBU-MAIN LIBRARY (Kitwe)
_H1
_I0.00
_jACU(05)B/2002/150A
_M1
_UAVAILABLE
_WOct 5, 2009
_y03004607
_ZInternational Publications
995 _aSPECIAL COLLECTIONS
_e2124
_FCBU-MAIN LIBRARY (Kitwe)
_I0.00
_jACU(05)B/2002/152
_M4
_UAVAILABLE
_WFeb 11, 2016
_yB2124
_ZInternational Publications
995 _aSPECIAL COLLECTIONS
_e03006852
_FCBU-MAIN LIBRARY (Kitwe)
_I0.00
_jACU(05)B/2002/151
_M3
_UAVAILABLE
_WFeb 16, 2016
_y03006852
_ZInternational Publications
999 _c84426
_d84426